| 000 | 00979cam a2200277 a 4500 | ||
|---|---|---|---|
| 001 | 4491388 | ||
| 003 | NUST - PNEC | ||
| 005 | 20170116180946.0 | ||
| 008 | 971006s1998 maua b 001 0 eng | ||
| 010 | _a 97042883 | ||
| 020 | _a0890066906 | ||
| 040 | _cLIBRARY | ||
| 082 | 0 | 0 | _a621.38132 ROD |
| 100 | 1 | _aRodrigues, Paulo J. C. | |
| 245 | 1 | 0 |
_aComputer-aided analysis of nonlinear microwave circuits _cPaulo J.C. Rodrigues. |
| 260 |
_aBoston : _bArtech Hous, _cc1998. |
||
| 300 |
_axv, 447 p. : _bill. ; _c24 cm. |
||
| 440 | 0 | _aArtech House microwave library | |
| 504 | _aIncludes bibliographical references and index. | ||
| 650 | 0 |
_aMicrowave circuits _xComputer-aided design. |
|
| 650 | 0 |
_aElectric circuits, Nonlinear _xEL |
|
| 650 | 0 |
_aElectric circuit analysis _xData processing. |
|
| 906 |
_a7 _bcbc _corignew _d1 _eocip _f19 _gy-gencatlg |
||
| 942 |
_2ddc _cBK |
||
| 999 |
_c66295 _d66295 |
||